000
00268nam a2200109Ia 4500
008
200302s9999 xx 000 0 und d
100
_a
George Michell
245
_a
The Royal Palaces Of India
260
_b
Thames and Hudson Publishers
260
_c
2004
300
_a
232 P
999
_c
4399
_d
4399